000 00503nam a2200169Ia 4500
999 _c22298
_d22298
003 OSt
005 20200319133353.0
008 190216s9999||||xx |||||||||||||| ||und||
040 _coclc
082 _a297.1977
_bNAD/A
100 _aNadwi, Abul Hasan Ali
_92085
245 0 _aAllama Iqbal /
_cAbul Hasan Ali Nadwi
260 _bNavothhanam Publications,
_c1993.
_aMalapuram:
300 _a196p
650 _aIslamic History
942 _cBK
_2ddc
_h297.1977
_iNAD/A
_k297.1977
_mNAD/A